Star Trek Fill-in-the-Blank Quiz Stats

 Plays Quiz not verified by Sporcle

Score 0/69 Timer 10:00
0 Plays Today
Episode Title Missing Word % Correct
Where No Man Has Gone ___Before
93.2%
Mirror, ___Mirror
88.4%
The Naked ___Time
86.2%
What Are Little ___ Made of?Girls
85%
The Trouble with ___Tribbles
84%
Mudd's ___Women
80.9%
___ is YesterdayTomorrow
78.6%
The City on the Edge of ___Forever
78.6%
Friday's ___Child
78.5%
Shore ___Leave
78.3%
By Any Other ___Name
76.3%
This ___ of ParadiseSide
76%
Spock's ___Brain
75.8%
Charlie ___X
74.3%
___ SeedSpace
73.5%
Who ___ for Adonais?Mourns
71.7%
Is There in ___ No Beauty?Truth
70.9%
___ to BabelJourney
70.4%
The Man ___Trap
70.2%
___ MartialCourt
69.9%
A ___ of the ActionPiece
68.2%
The Corbomite ___Maneuver
68.1%
And the ___ Shall LeadChildren
68%
___ and CircusesBread
67.9%
The Tholian ___Web
67.6%
Balance of ___Terror
66.7%
The ___ of GothosSquire
66.2%
___ TimeAmok
66%
The ___ WithinEnemy
66%
___ - Annihilate!Operation
65.6%
___ in the FoldWolf
65.4%
Assignment: ___Earth
65.2%
I, ___Mudd
64.8%
The Galileo ___Seven
64.7%
A ___ of ArmageddonTaste
62.4%
Episode Title Missing Word % Correct
For the World is ___ and I Have Touched the SkyHollow
62.1%
Whom ___ DestroyGods
60.2%
The Immunity ___Syndrome
59%
All Our ___Yesterdays
58.9%
The Alternative ___Factor
58.6%
The ___ in the DarkDevil
58.1%
Plato's ___Stepchildren
57.7%
A ___ Little WarPrivate
57.2%
Spectre of the ___Gun
57.2%
Turnabout ___Intruder
56.8%
___ of MercyErrand
56.1%
The ___ IncidentEnterprise
55.9%
___ of the MindDagger
55.5%
The ___ of the KingConscience
55.5%
Let That Be Your Last ___Battlefield
54.7%
The ___ of TriskelionGamesters
53.6%
Patterns of ___Force
52.8%
___ To TomorrowReturn
52.4%
___ for MethuselahRequiem
52.1%
___ of an EyeWink
50.3%
The ___ MachineDoomsday
49.7%
The Deadly ___Years
48.7%
The Return of the ___Archons
48.6%
The Ultimate ___Computer
48.6%
The ___ MindersCloud
46.6%
The ___ Of GideonMark
46.3%
The ___ of ZetarLights
46.1%
Day of the ___Dove
45.1%
The Way to ___Eden
44.9%
The Omega ___Glory
44%
The Savage ___Curtain
42.5%
Elaan of ___Troyius
41.3%
The ___ SyndromeParadise
40.8%
That Which ___Survives
39.3%

You're not logged in!

Compare scores with friends on all Sporcle quizzes.
OR
Log In

Show Comments

Extras

Top Quizzes Today


Score Distribution

Your Account Isn't Verified!

In order to create a playlist on Sporcle, you need to verify the email address you used during registration. Go to your Sporcle Settings to finish the process.

Report this User

Report this user for behavior that violates our Community Guidelines.

Details: